| 000 | 00577nam a22001695i 4500 | ||
|---|---|---|---|
| 001 | 166010 | ||
| 003 | ES-MaACL | ||
| 005 | 20230906213239.0 | ||
| 008 | 940206s1853 sp |||| | spa d | ||
| 040 |
_aCAM _bspa |
||
| 080 | _a821.134.2-23"18" | ||
| 100 | 1 |
_aTamayo y Baus, Manuel. _9109165 |
|
| 245 | 1 | 0 |
_aVirginia _b: tragedia en cinco actos / _cde Manuel Tamayo y Baus. |
| 260 |
_aMadrid : _b[s.n.], _c1853 ( _fImp. de F. Abienzo) |
||
| 300 |
_a64 p. ; _c21 cm. |
||
| 852 |
_aES-MaACL _jG-10081(2) _z-- Enc. tela _z-- Legado de M. de la Fuente _z-- Enc. en un vol. facticio |
||
| 999 |
_c166010 _d166010 |
||